Nouveau dictionnaire des synonymes / (Registro nro. 71524)

Detalles MARC
000 -LEADER
campo de control de longitud fija 00581nam a2200193 i 4500
001 - NÚMERO DE CONTROL
campo de control 71524
003 - IDENTIFICADOR DE NÚMERO DE CONTROL
campo de control ES-MaACL
007 - CAMPO FIJO DE DESCRIPCIÓN FÍSICA--INFORMACIÓN GENERAL
campo de control de longitud fija t|
008 - DATOS DE LONGITUD FIJA--INFORMACIÓN GENERAL
campo de control de longitud fija 040812s1979 fr ||||1| fre d
020 ## - NÚMERO INTERNACIONAL ESTÁNDAR DEL LIBRO
Número Internacional Estándar del Libro 2-03-340803-8
100 1# - ENTRADA PRINCIPAL--NOMBRE DE PERSONA
Nombre de persona Genouvrie, Emile.
9 (RLIN) 56332
245 10 - MENCIÓN DEL TÍTULO
Título Nouveau dictionnaire des synonymes /
Mención de responsabilidad, etc. par Emile Genouvrier, Claude Désirat, Tristán Hordé.
250 ## - MENCION DE EDICION
Mención de edición Ed. rev. et corr.
260 ## - PUBLICACIÓN, DISTRIBUCIÓN, ETC.
Lugar de publicación, distribución, etc. París :
Nombre del editor, distribuidor, etc. Larousse,
Fecha de publicación, distribución, etc. 1979.
300 ## - DESCRIPCIÓN FÍSICA
Extensión 510 p. ;
Dimensiones 20 cm.
700 1# - ENTRADA AGREGADA--NOMBRE PERSONAL
Nombre de persona Désirat, Claude.
9 (RLIN) 43882
700 1# - ENTRADA AGREGADA--NOMBRE PERSONAL
Nombre de persona Hordé, Tristan.
9 (RLIN) 64190
852 ## - LOCALIZACIÓN
Ubicación ES-MaACL
Número de control de estantería L-9990
Sublocalización o colección R.11706
Existencias
Estatus retirado Estado de pérdida Estado de daño No para préstamo Biblioteca de origen Biblioteca actual Ubicación en estantería Fecha de adquisición Fuente de adquisición Total de préstamos Signatura topográfica completa Código de barras Visto por última vez Precio de reemplazo Tipo de ítem Koha
        Biblioteca del Ateneo de Madrid Biblioteca del Ateneo de Madrid Depósito 2 17/01/2008     L-9990 1074881 23/02/2023 23/02/2023 Libro impreso